Statistiques concernant Devinez le personnage mythologique - Moyen

Cliquez ici pour prendre le quiz!

Statistiques générales

  • Ce quiz a été pris 14 fois
  • Le résultat moyen est 6 sur 15

Statistiques - réponses

MythologieCaractéristique 1Caractéristique 2Réponse% Correct
GrecqueEnferReinePerséphone
82%
GrecqueSagesseCentaureChiron
73%
GrecqueCentMembresHécatonchire
64%
NordiqueRoiAsgardOdin
64%
RomaineJupiterFéconditéJunon
55%
Biblique/ChrétienneSerpentMerLéviathan
55%
CeltiqueAstérixProtecteurToutatis
55%
LovecraftiennePieuvreExtraterrestreCthulhu
45%
HindoueEléphantBrasGanesh
36%
NordiquePieuvreGéantKraken
36%
HindoueLuneTridentShiva
36%
JaponaiseEclairTambourRaijin
18%
PréislamiqueFéconditéArabieAl-lat
9%
Vodou
Mort
SmokingBaron Samedi
9%
MayaHachePluieChaac
9%

Distribution des résultats

Percentile par nombre de réponses

% des personnes avec chaque résultat

Votre développement - résultats

Vous n’avez pas pris ce quiz